000
00236nam a2200097Ia 4500
005
20251222114416.0
008
251222s1900||||xx |||||||||||||| ||spa||
082
_a
DVD0070/L65/2002
245
0
_a
Waking Life:Despertar a la vida
942
_c
DVD
999
_c
2251
_d
2251